LEADER 01985nam 2200469 n 450 001 996390036603316 005 20200818224252.0 035 $a(CKB)4940000000101024 035 $a(EEBO)2264213566 035 $a(UnM)99836380e 035 $a(UnM)99836380 035 $a(EXLCZ)994940000000101024 100 $a19900905d1616 uy | 101 0 $aeng 135 $aurbn||||a|bb| 200 00$aDe non temerandis ecclesiis$b[electronic resource] $eA tract of the rights and respect due vnto churches. Written to a gentleman, who hauing an appropriate parsonage, imploied the church to prophane vses, and left the parishioners vncertainely prouided of diuine seruice, in a parish neere there adioyning. By Sr. Henry Spelman knight 205 $aThe second edition enlarged with an appendix. 210 $aAt London $cPrinted by Iohn Beale, and are to be sold by William Welby$d1616 215 $a[10], 196 p 300 $aOn title page edition statement is printed after "adioyning". 300 $aThe second edition of STC 23067, published in 1613. 300 $aAnother issue of STC 23067.8 with cancel title page--Cf. STC. 300 $aErrata on verso of A6. 300 $aSome print show-through; pages 3-4 and 177-78 stained. 300 $aPage 170-end from Cambridge University Library copy spliced at end. 300 $aReproduction of the original in the Union Theological Seminary (New York, N.Y.). Library. 330 $aeebo-0160 606 $aChurch polity$vEarly works to 1800 606 $aChurch property$zEngland$vEarly works to 1800 606 $aSecularization$vEarly works to 1800 615 0$aChurch polity 615 0$aChurch property 615 0$aSecularization 700 $aSpelman$b Henry$cSir,$f1564?-1641.$01002110 801 0$bCu-RivES 801 1$bCu-RivES 801 2$bCStRLIN 801 2$bWaOLN 906 $aBOOK 912 $a996390036603316 996 $aDe non temerandis ecclesiis$92347854 997 $aUNISA LEADER 03031nam 22004813 450 001 9911009251303321 005 20240726080302.0 010 $a9781779561534 010 $a1779561539 035 $a(CKB)32713289900041 035 $a(MiAaPQ)EBC31545548 035 $a(Au-PeEL)EBL31545548 035 $a(Exl-AI)31545548 035 $a(OCoLC)1450109417 035 $a(Perlego)4501098 035 $a(EXLCZ)9932713289900041 100 $a20240726d2024 uy 0 101 0 $aeng 135 $aur||||||||||| 181 $ctxt$2rdacontent 182 $cc$2rdamedia 183 $acr$2rdacarrier 200 10$aWorking Capital Management 205 $a1st ed. 210 1$aBurlington :$cToronto Academic Press,$d2024. 210 4$dİ2024. 215 $a1 online resource (233 pages) 311 08$a9781774697412 311 08$a1774697416 327 $aCover -- Title Page -- Copyright -- About The Author -- Contents -- List of Figures -- List of Tables -- List of Abbreviations -- Preface -- Chapter 1: Introduction To Working Capital Management -- Unit Introduction -- 1.1. Concept Of Working Capital -- 1.2. Importance Of Working Capital -- 1.3. Factors Influencing Working Capital Requirements -- 1.4. Levels Of Working Capital Investment -- 1.5. Optimal Level Of Working Capital Investment -- 1.6. Overall Working Capital Policy -- 1.7. Ratio Analysis -- 1.8. Significance Of Working Capital -- Summary -- Review Questions -- Multiple Choice Questions -- References -- Chapter 2: Planning Of Working Capital Management -- Unit Introduction -- 2.1. Types Of Working Capital -- 2.2. Operating Cycle -- 2.4. Estimation Of Working Capital Requirements -- 2.5. Liquidity And Profitability -- Summary$7Generated by AI. 330 $aThis book provides a comprehensive exploration of working capital management, emphasizing its critical role in sustaining and enhancing business operations. It covers essential topics such as the concept and importance of working capital, factors influencing its requirements, and optimal investment levels. The book delves into financial analysis, cash management, and the intricacies of financing mixes through detailed chapters. It is crafted to serve as a valuable resource for students, scholars, and professionals in financial management, offering insights into effective short-term financial decision-making. Brian Garman, an experienced software developer, authored this work to equip readers with a broad understanding of working capital strategies necessary for maintaining liquidity and achieving business longevity.$7Generated by AI. 606 $aWorking capital$7Generated by AI 606 $aLiquidity (Economics)$7Generated by AI 615 0$aWorking capital 615 0$aLiquidity (Economics) 700 $aGarman$b Brian$01828043 801 0$bMiAaPQ 801 1$bMiAaPQ 801 2$bMiAaPQ 906 $aBOOK 912 $a9911009251303321 996 $aWorking Capital Management$94396123 997 $aUNINA